Ajuste del sistema de detección fotométrico con amplificador de enganche (lock-in)
محفوظ في:
| المؤلف الرئيسي: | |
|---|---|
| مؤلفون آخرون: | |
| التنسيق: | كتاب |
| اللغة: | Spanish |
| منشور في: |
[San José], Costa Rica
2014
|
| الموضوعات: | |
| الوسوم: |
إضافة وسم
لا توجد وسوم, كن أول من يضع وسما على هذه التسجيلة!
|
MARC
| LEADER | 00000nam a22000007a 4500 | ||
|---|---|---|---|
| 003 | 012030 | ||
| 005 | 20230627154852.0 | ||
| 008 | 150220b2014 cr a|||| |||| 00| ||spa d | ||
| 040 | |c cru CEDI | ||
| 100 | |9 809 |a Orozco Naranjo, Oscar Adrián , 1988- | ||
| 245 | |a Ajuste del sistema de detección fotométrico con amplificador de enganche (lock-in) | ||
| 260 | |a [San José], Costa Rica |c 2014 | ||
| 500 | |a Proyecto de graduación (bachillerato en ingeniería eléctrica)-- Universidad de Costa Rica. Facultad de Ingeniería. Escuela de Ingeniería Eléctrica | ||
| 501 | |a Profesor Guía de IE-0499 Proyecto Eléctrico: M.Sc. Luis Diego Marín Naranjo | ||
| 650 | |x AMPLIFICADORES (ELECTRONICA) |x FOTOMETRIA |x RADIOMETRIA |x LUMINISCENCIA - MEDICIONES |x DIODOS EMISORES DE LUZ |9 196 | ||
| 700 | |9 808 |a Marín Naranjo, Luis Diego, 1960- |d Director de Proyecto Eléctrico | ||
| 942 | |c CEDI |h TFG 7196 |6 TFG_7196_000000000000000 | ||
| 999 | |c 13583 |d 13583 | ||
